[Event "London Classic 8th"]
[Site "London"]
[Date "2016.12.13"]
[Round "5"]
[White "Vachier Lagrave, Maxime"]
[Black "Caruana, Fabiano"]
[Result "1/2-1/2"]
[WhiteElo "2804"]
[BlackElo "2823"]
[Annotator "Aditya Mittal"]
[PlyCount "67"]
[EventDate "2016.12.09"]
[EventType "tourn"]
[EventRounds "9"]
[EventCountry "ENG"]
[EventCategory "22"]
[SourceTitle "CBM 176"]
[Source "ChessBase"]
[SourceDate "2017.01.17"]
[SourceVersion "1"]
[SourceVersionDate "2017.01.17"]
[SourceQuality "1"]
[WhiteClock "0:17:03"]
[BlackClock "0:33:42"]

1. e4 e5 2. Nf3 Nf6 $5 {Fabiano Caruana experiments with the Petroff.} 3. Nxe5
d6 4. Nf3 Nxe4 5. Nc3 Nxc3 6. dxc3 Be7 7. Be3 Nc6 8. Qd2 {Black has two plans
at his disposal. Once is to castle short and the other is Be6-Qd7 and 0-0-0.
Caruana chooses the latter.} Be6 9. O-O-O Qd7 (9... Bxa2 $6 {26 games have
ventured into this territory. White needs to know a bit about the stuff that's
going on and he should be alright.} 10. b3 a5 $1 11. Kb2 a4 12. Kxa2 (12. Ra1
axb3 13. cxb3 Bxb3 14. Rxa8 Qxa8 15. Kxb3 Qa1 {looks really dangerous for
White but he can survive with} 16. Kc2 O-O 17. Qc1 $16) 12... axb3+ 13. Kxb3
Ra5 {Overall this position looks scary, but White's king can get out from
there safely after} 14. Kb2 Qa8 15. Rb1 Ra2+ 16. Kc1 {And Black is just a
piece down.}) 10. b3 O-O-O 11. Nd4 a6 $5 {Inviting White to exchange.} (11...
Nxd4 12. Bxd4 {Now two pawns are hanging - g7 and a7.}) 12. Nxe6 fxe6 {White
has the bishop pair. Black is solid but it is obvious that it is White who is
pushing here.} 13. g3 $1 {The bishop will come to h3 to harass the e6 pawn.} d5
{It is interesting to see how Fabiano neutralises his opponent's play against
the e6 pawn.} (13... Bf6 14. Bh3 Kb8 15. Rhe1 Rhe8 16. f4 $14 {The e6 pawn is
weak, but not to such an extent that Black is in grave trouble.}) (13... e5 14.
h4 Kb8 15. Bh3 Qe8 16. Qd5 $16 {is already a very passive position for Black.})
14. Bh3 Kb8 $1 {Taking the king out of the line of fire.} 15. Rhe1 Rhe8 $1 {
A good trick, of course an easy one but well, tricks are tricks. On one lucky
day your opponent might fall into it.} (15... Ba3+ 16. Kb1 Rde8 {was possible.
However, after} 17. f4 $14 {White has a stable edge.}) 16. f4 $1 {Keeping up
the pressure.} (16. Bxe6 $2 Ba3+ $1 $19 (16... Qxe6 17. Ba7+ Kxa7 18. Rxe6 Ba3+
19. Kb1 Rxe6 $19 {is also winning.})) 16... Bf6 17. Kb1 (17. Bd4 {I was
looking at this but it doesn't really work. One interesting line could go} Nxd4
18. cxd4 Qd6 $1 {Before White can mount pressure on e6, Black breaks with c5.}
19. Re2 c5 20. dxc5 Qxc5 $15 {Black has no problems. White has his own
queenside issues to solve.}) 17... Qd6 18. Qd3 $6 {From here Caruana starts to
take over.} (18. Bd4 {makes some difference now that the king is on b1.} Nxd4
19. cxd4 c5 {this is now considered of course.} 20. dxc5 Qxc5 21. Rxe6 Bc3 22.
Qc1 Rxe6 23. Bxe6 d4 $10 {The position should be around equal because of the
opposite coloured bishops.}) 18... e5 $1 {Once Black gets in this move, he has
no more problems. It's nice to see how Caruana was able to get everything out
of the c8-h3 diagonal and engineer this breakthrough.} 19. Bc1 $6 {MVL took a
lot of time for this move and that's what happens when you think a lot. You
tend to make uncharacteristic errors.} (19. fxe5 $1 Nxe5 20. Qd4 Nc6 (20... Nf3
21. Qa7# $1 {ouch!}) 21. Qd3 Ne5 22. Qd4 $10 {was relatively the best.}) 19...
e4 20. Qd2 {Mistakes don't come in a vacuum! One follows the other!} (20. Qe3
$15 {was relatively better.}) 20... Qc5 $1 {Attacking the c3-pawn.} 21. Bb2 d4
$1 22. Qe2 $5 {Objectively this is a poor move, but practically it is a very
interesting try, giving up the c3-pawn.} (22. cxd4 {was what I was expecting.}
Nxd4 {It is very difficult to defend as White.} (22... Bxd4 23. Qe2 (23. Qg2
Bxb2 24. Kxb2 Rxd1 25. Rxd1 e3 $1 $17 {and Black is clearly better.}) 23...
Bxb2 24. Kxb2 Rxd1 25. Rxd1 Nd4 26. Qc4 Qxc4 27. bxc4 Nf3 28. Bg2 $11) 23. Qc3
Qh5 24. g4 Qh4 25. g5 Ne2 26. Qc4 Bxb2 27. Kxb2 Rxd1 28. Rxd1 Qxh3 29. Qxe2 e3
$17 {After a complicated line, quite difficult for humans to find, Black keeps
the advantage.}) 22... dxc3 23. Rxd8+ Rxd8 (23... Nxd8 $1 24. Bc1 Nf7 {The
knight would be well placed on d6.}) 24. Bc1 {A critical moment. Fabiano went
wrong here. Can you do any better?} Rd2 $2 {Losing the advantage. Fabiano had
a few cunning decisions at his disposal.} (24... Nb4 $1 {was an amazing line.}
25. Qxe4 Nd3 $3 {A nice little fork.} 26. Bg2 (26. cxd3 c2# {is a pretty mate})
(26. Rd1 Nxc1 $1 27. Rxd8+ Bxd8 28. Kxc1 Qg1+ $19) 26... c6 27. Qe3 {White has
to find these only move to stay in the game.} Rd4 (27... Qxe3 28. Rxe3 Nxc1 29.
Kxc1 Rd2 {is also a very pleasant endgame to play.} 30. Be4 Rxh2 $17 {Black is
a pawn up and clearly pushing ahead.}) 28. Re2 Nxc1 29. Qxc1 (29. Kxc1 Qa3+ $19
) 29... Rd2 $3 {is a line where Black can crush his opponent.} 30. Bf3 (30.
Rxd2 $2 cxd2 31. Qxd2 (31. Qd1 Qc3 $19) 31... Qg1+ $19) 30... Rxe2 31. Bxe2 Qf2
$17 {Black has every reason to believe he can win.}) (24... Re8 $5 {was also
an interesting try.} 25. Bg2 Nd4 26. Qc4 Qxc4 27. bxc4 Re6 $17 {with a good
endgame. Black will push on.}) 25. Bxd2 cxd2 26. Qxd2 Bc3 27. Qc1 Bxe1 28. Qxe1
{After a lot of exchanges the position has fizzled out. Caruana had this brief
window of opportunity for a move which he didn't capitalise upon. Now it's
just a draw.} e3 29. c3 $1 {Taking away the b4- and d4-squares from the knight.
} Na7 30. Bf1 Nb5 31. Kb2 (31. Bxb5 axb5 $15 {With the passed pawn on e3, this
might be a risky position for White.}) 31... Qa3+ 32. Kb1 Qc5 33. Kb2 Qa3+ 34.
Kb1 {Quite a narrow escape for Maxime.} 1/2-1/2

[Event "Bundesliga 9899"]
[Site "Germany"]
[Date "1999.02.21"]
[Round "11.2"]
[White "Wahls, Matthias"]
[Black "Alterman, Boris"]
[Result "1/2-1/2"]
[WhiteElo "2605"]
[BlackElo "2615"]
[Annotator "Alterman,B"]
[PlyCount "40"]
[EventDate "1998.10.17"]
[EventType "team-tourn"]
[EventRounds "15"]
[EventCountry "GER"]
[SourceTitle "CBM 069"]
[Source "ChessBase"]
[SourceDate "1999.04.01"]
[SourceVersion "1"]
[SourceVersionDate "1999.04.01"]
[SourceQuality "1"]
[WhiteTeam "Hamburger SK"]
[BlackTeam "Bochum"]
[WhiteTeamCountry "GER"]
[BlackTeamCountry "GER"]

1. e4 e5 2. Nf3 Nf6 3. Nxe5 d6 4. Nf3 Nxe4 5. d4 d5 6. Bd3 Be7 7. O-O Nc6 8. c4
Nb4 9. Be2 O-O 10. Nc3 Bf5 11. a3 Nxc3 12. bxc3 Nc6 13. cxd5 Qxd5 14. Bf4 Na5 (
14... Bd6 {- 56/331}) 15. Bxc7 (15. Qa4 b6 16. Nd2 {1/2-1/2 Popovic,
P-Mikhalchishin,A/YUG-Cup 1994}) 15... Rac8 (15... b6 16. Bf4 Rac8 17. Bd2 Bd6
18. Re1 Qb3 19. Ba6 Rc7 20. Qe2 {= van der Poel,H-Boesveld,W/Nederland 1993/
Inf 59 (22)}) 16. Bxa5 Qxa5 17. c4 Bf6 18. Qb3 Qb6 19. Qxb6 axb6 20. Rfd1 (20.
Ra2 Rfe8 (20... Rfd8 21. Rd2 Bg4 22. Rfd1 Ra8 23. h3 Bxf3 24. Bxf3 Rxa3 25.
Bxb7 Ra4 $14) 21. Rd1 Rcd8 22. h3 Be4 23. Rad2 Ra8 24. Rb2 Re6 25. Ra2 b5 26.
cxb5 Bd5 27. Rad2 Rxa3 28. Rc1 g6 29. Rc5 Rd6 30. Ne5 Ra1+ 31. Rd1 {1/2-1/2
Mukabi,J-Pihlajasalo,A/ol (men), Elista RUS 1998 (41)}) 20... Rfd8 (20... Rfd8
21. Ra2 Be4 22. d5 (22. Rad2 Ra8 $44) 22... b5 $1 {[%cal Gd8d5,Gc8c1,Ye4d5]
Only this move opens the position for my bishops and rooks and Black has no
problem to equalize. Wahls offered draw because this reason.} (22... Bxf3 23.
gxf3 Rd6 24. Bf1 Ra8 25. a4 Be7 26. Bd3 Ra5 27. Re1 Bf8 28. Re8 g6 29. Rb8 Rf6
30. Kg2 Ra7 31. Re2 {1/2-1/2 Wedberg,T-Nielsen,P/Nordic Zonal, Munkebo DEN (3.
3) 1998 (50)}) 23. Nd2 (23. cxb5 Rxd5 24. Rxd5 Bxd5 25. Rd2 Rc1+ 26. Rd1 Rxd1+
27. Bxd1 Bxf3 28. Bxf3 b6 $11) 23... Bg6 24. g3 Bc3 25. Rc1 Be5 $11) 1/2-1/2

[Event "RUS-Cup3"]
[Site "Omsk"]
[Date "1996.??.??"]
[Round "7"]
[White "Dvoirys, Semen I"]
[Black "Egin, Vladimir"]
[Result "1/2-1/2"]
[WhiteElo "2570"]
[BlackElo "2445"]
[Annotator "Alterman,B"]
[PlyCount "74"]
[EventDate "1996.12.13"]
[EventType "swiss"]
[EventRounds "9"]
[EventCountry "RUS"]
[SourceTitle "CBM 057"]
[Source "ChessBase"]
[SourceDate "1997.04.01"]
[SourceVersion "1"]
[SourceVersionDate "1997.04.01"]
[SourceQuality "1"]

1. e4 {Notkin} e5 2. Nf3 Nf6 3. Nxe5 d6 4. Nf3 Nxe4 5. d4 d5 6. Bd3 Nc6 7. O-O
Be7 8. c4 Nb4 9. Be2 O-O 10. Nc3 Bf5 (10... Be6 {Notkin} 11. Be3 (11. Ne5 f6 (
11... c5 12. Nxe4 (12. Be3 cxd4 13. Bxd4 Nxc3 14. bxc3 Nc6 15. Nxc6 bxc6 16.
Qa4 $14 {Sokolov,A/}) 12... dxe4 13. d5 Bd6 14. f4 (14. a3 Bxe5 15. axb4 Bd7
16. bxc5 {Nadyrkhanov,S-Majorov,O/Krasnodar/1994/1-0/36/} Qc7 $5 $13) 14...
exf3 15. Nxf3 Bg4 16. a3 Bxf3 17. Rxf3 Na6 18. Bd3 g6 19. Bh6 Re8 20. Qd2 $16 {
Milos,G-Zarnicki,P/Cascavel/1996/1-0/57/}) 12. Bg4 Bc8 13. Bxc8 Rxc8 14. Nf3
Nxc3 15. bxc3 Nc6 16. Qa4 dxc4 17. Rb1 Rb8 18. Qxc4+ Kh8 19. Re1 $14 {Sokolov,
A-Mikhalchishin,A/Bern/1994/1-0/41/}) 11... f5 (11... Bf5 12. Rc1 dxc4 13. Bxc4
c6 14. Ne5 Nxc3 15. bxc3 Nd5 16. Qf3 Be6 17. Bd2 (17. Rfe1 Nxe3 18. Qxe3 Bxc4
19. Nxc4 Bf6 20. Rb1 b6 21. Qf3 Rc8 22. Ne3 g6 $10 {Kamsky,G-Anand,V/Sanghi
Nagar/1994/0,5/33/}) 17... Bg5 18. Bxg5 Qxg5 19. Rfe1 Rae8 20. g3 Qf5 21. Qd1
Nb6 22. Bd3 Qf6 23. Qc2 g6 24. Rb1 $14 {Topalov,V-Akopian,V/Linares/1-0/54/})
12. a3 Nxc3 13. bxc3 Nc6 14. Qa4 Kh8 15. Rab1 Rb8 16. Rfe1 f4 (16... a6 $6 17.
Bf4 $1 Bd6 18. Bg5 Be7 19. Bf1 $1 $16 {Ljubojevic,L-Beliavsky,A/Belgrade/1995/
0,5/26/}) 17. Bc1 dxc4 18. Bxc4 Bg4 $1 19. Be2 a6 20. Qd1 b5 21. d5 Bf5 22. Ra1
Na5 $13 {Shmuter,L-Tolstih,N/Volgograd/1994/0,5/42/}) 11. a3 Nxc3 12. bxc3 Nc6
13. Nd2 (13. cxd5) (13. cxd5 {Notkin} Qxd5 14. Bf4 (14. c4 Qd6 15. d5 Ne5 16.
Nd4 Bd7 17. a4 Rfe8 18. Nb5 Bxb5 19. axb5 Nd7 $14 {Tischbierek,R-Yusupov,A/
Bielefeld/1992/0,5/35/}) 14... Bd6 15. c4 Qe4 16. Be3 Rad8 17. Ra2 b6 18. Re1
Bg6 19. Qc1 $14 {Kamsky,G-Yusupov,A/Moscow/1992/1-0/79/}) 13... Na5 14. cxd5
Qxd5 $10 15. Re1 (15. Bb2 {Notkin} Bf6 16. c4 Qd7 {ה/}) 15... Rad8 (15... c5 {
Notkin} 16. Bf3 Qd7 17. Nb3 Nxb3 18. Qxb3 Rab8 $10) 16. Bf3 Qd7 17. Nf1 Rfe8 {
Black keeps the pressure in the centre, all his pieces are very active and
White's structure c3-d4 only helps Black .} (17... c5 {Notkin} 18. Ne3 Bg6 19.
Nd5 Bd6 20. h4 $36) 18. Ne3 (18. Ng3 Bg6 $10) 18... Bg6 19. Ra2 (19. Nd5 {
Notkin} Bd6) 19... Bf8 (19... c5 $5) 20. a4 (20. Rae2 $5 c5 $1) (20. Rd2 {
Notkin} b5) (20. h4 $5 {Notkin}) 20... c5 $1 21. d5 (21. Rd2 $10) 21... c4 22.
Ba3 Bxa3 23. Rxa3 Bd3 24. g3 (24. Be2 $142 $10 {Notkin}) 24... Qd6 25. Ra2 Qf6
26. Be2 $2 (26. Ra3) 26... Bxe2 $6 (26... Qxc3 $142 27. Bxd3 Qxd3 28. Qxd3 (28.
Rd2 $8 Qb3 29. d6) 28... cxd3 29. Rd1 Nb3 $1) 27. Raxe2 Qxc3 28. Nxc4 Rxe2 29.
Qxe2 g6 (29... Qxc4 $4 30. Qe8+ Rxe8 31. Rxe8#) (29... Nxc4 $4 30. Qe8+ Rxe8
31. Rxe8#) 30. Ne5 Rxd5 31. Nxf7 Kg7 (31... Kxf7 $4 {the knight is invulnerable
} 32. Qe8+ Kg7 33. Re7+ Kh6 34. Qf8+) 32. Qe8 (32. Ne5 {Notkin} Qd2 33. Qf1 $5
{עg7/}) 32... Qc6 33. Qh8+ Kxf7 34. Qxh7+ Kf8 (34... Kf6 $2 {Notkin} 35. Qe7+
Kf5 36. Qf7+ $18) 35. h4 (35. Qh8+) 35... Nc4 (35... Qd6 36. Qh8+ Kf7 37. Qe8+
Kf6 38. g4 Rd1 39. Qh8+ Kf7 40. Qh7+ Kf8 41. Qh8+ Kf7 42. Qh7+ Kf8 43. Qh8+ Kf7
$10) (35... Qf6 {Notkin} 36. Qh6+ $10) 36. Qh8+ Kf7 37. Qh7+ Kf8 $8 {Black has
to return some of his gains} 1/2-1/2

[Event "FIDE World Cup final"]
[Site "Hyderabad"]
[Date "2002.10.20"]
[Round "3.2"]
[White "Anand, Viswanathan"]
[Black "Kasimdzhanov, Rustam"]
[Result "1-0"]
[WhiteElo "2755"]
[BlackElo "2653"]
[Annotator "Anand,V"]
[PlyCount "57"]
[EventDate "2002.10.15"]
[EventType "k.o."]
[EventRounds "3"]
[EventCountry "IND"]
[SourceTitle "CBM 092"]
[Source "ChessBase"]
[SourceDate "2003.02.06"]
[SourceVersion "1"]
[SourceVersionDate "2003.02.06"]
[SourceQuality "1"]

{[%mdl 2] This was the second game of the final.} 1. e4 {Kasimdzhanov had lost
only one game so far, but this was when I ambushed him theoretically in the
Sveshnikov. This year, he has been playing the Petroff a lot, including
against Ye Jiangchuan in the quarters, so I looked at that.} e5 2. Nf3 Nf6 3.
Nxe5 d6 4. Nf3 Nxe4 5. d4 d5 6. Bd3 Bd6 {Kasimdzhanov's chosen line in the
Petroff.} 7. O-O O-O 8. c4 c6 9. Qc2 {I spent the morning checking various
lines, but finally decided to follow his game against Ye which took place 4
days earlier.} Na6 10. a3 Re8 {I thought he might switch to f5, but he stays
the course as well.} 11. Nc3 Bf5 {Bg4 was the big hit sometime ago, but
Kasimdzhanov had some new ideas here.} 12. Re1 (12. c5 {Huzman} Nxc3 13. bxc3
Bxd3 14. Qxd3 Be7 15. Rb1 b5 16. a4 Nc7 17. Ne5 Bxc5 18. Nxc6 Qf6 19. axb5 $16
{1-0 Sonkoly,L-Barabas,A/HUN 1998/EXT 2000 (51)}) (12. Be3 {Huzman} Bg6 13. c5
Bc7 14. Ne2 Nb8 15. Bf4 Nd7 16. Bxc7 Qxc7 17. Nh4 Nef6 18. Nxg6 hxg6 19. b4 Re7
$11 {0-1 Ye Jiangchuan-Kasimdzhanov,R/Hyderabad IND 2002/(58)}) 12... h6 $1 {
Of course, I assumed he didn't want to repeat 12...Qf6 as in Lornje-Meijers
1989, but I looked at 12...Bg4} (12... Bg4 {as in Bologan-Konopka Panormo 2001}
13. Ne5 Bxe5 14. dxe5 Nac5 15. Nxe4 Nxd3 16. Qxd3 Bf5 17. cxd5 cxd5 18. Nf6+
Qxf6 19. Qxd5 Qb6 20. b4 Rad8 21. Qf3 Qg6) 13. c5 {Here I thought for quite a
while. There were some tempting possibilities for White, but I couldn't make
them work.} (13. Nxe4 dxe4 14. Bxe4 Qe7 15. Bg5 (15. Bf4 Bxe4 16. Bxd6 Qe6 $1)
15... Qxe4 $1 16. Rxe4 Bxe4 17. Qb3 hxg5 18. Nxg5 Rab8 $1 {Due to the move Bd5,
Black doesn't have to worry about c5} 19. c5 (19. Nxe4 Rxe4 20. Rd1 {is
probably about equal}) 19... Bd5 20. Qd3 Bf4 $1 21. Qh7+ Kf8 22. h4 Bxg5 23.
hxg5 g6) (13. b4 Bxb4 $1 14. axb4 Nxb4 15. Qb1 Nxd3 16. Qxd3 Nd6 17. Qd1 Nxc4 {
Black has more than enough for a piece.}) 13... Bc7 14. Bd2 {Finally, by
connecting my rooks, I force him to swap the knight on e4, or so I thought.} (
14. Nxe4 dxe4 15. Rxe4 (15. Bxe4 Rxe4 16. Rxe4 Qd5) 15... Bxe4 16. Bxe4 {
I was tempted to go for this exchange sacrifice. It's only a pawn, but the two
bishops and the knight on a6 promise ~/=.} Nb8 {However, if Black immediately
swings his knight around, I didn't see anything convincing.} 17. Bd3 Nd7 18.
Bc4 Qf6 (18... Nf6 19. Bxh6 {Even this isn't clear.} gxh6 20. Qg6+ Kh8 21. Bxf7
)) 14... Ba5 $6 {This took me completely by surprise. However, it is a mistake.
} (14... Nxd2 15. Rxe8+ (15. Qxd2 Qf6) 15... Qxe8 16. Nxd2 Bxd3 17. Qxd3 {
This is probably about equal, but White can press on the queenside with b4-b5.}
) 15. Bf4 {I made this move simply because the square was available. Slowly it
began to dawn on me that Black has problems.} (15. Nxe4 {This move also leads
to an advantage for White.} dxe4 16. Bxa6 $1 (16. Bxe4 Bxe4 17. Rxe4 Rxe4 18.
Qxe4 Bxd2 19. Nxd2 Nxc5 20. dxc5 Qxd2 21. Qe5 Rd8) 16... exf3 (16... bxa6 17.
Bxa5 Qxa5 18. Ne5) (16... Bxd2 17. Nxd2 bxa6 18. Qc3 Qd5 19. Nc4 $16) 17. Rxe8+
Qxe8 18. Qxf5 Bxd2 19. Bc4 $1 {This move gives White the edge.} (19. Bd3 g6 20.
Qxf3 Rd8 $11) (19. Bxb7 Rb8 20. Ba6 Rxb2 {isn't clear either} (20... fxg2 21.
b4 $16) 21. Qxf3 $140 Be1 $1) 19... fxg2 (19... Rd8 20. d5 cxd5 21. Bxd5) (
19... Qe7 20. Qd3 Bg5 21. Qxf3 Rd8 22. Rd1 $16) 20. d5 cxd5 21. Qxd5 $1) (15.
b4 $2 Bxb4 $1 {This works even better because White has moved his bishop to d2.
} 16. axb4 Nxb4 17. Qb1 Nxd2 $17) 15... Bxc3 16. bxc3 {White simply wants to
play Ne5 and f3.} Nc7 17. h3 $1 {Of course, to play Bh2, but also so that
White can take his knight to g4.} (17. Ne5 Ne6 18. Be3 f6 19. Nf3 b6 $13) 17...
Ne6 (17... b6 18. Ne5 (18. cxb6 axb6 19. Ne5 Qf6 20. f3 Nd6 $1 21. Bxf5 Qxf5
22. Qxf5 Nxf5 23. Nxc6 Rxe1+ 24. Rxe1 Ne6 $132) 18... Ne6 (18... Qf6 19. f3 $16
) 19. Bh2 Qg5 20. h4 $1 Qxh4 21. f3 $16) 18. Bh2 N6g5 $2 {This takes away a
square that the e4 knight needs to go back.} ({Black could still go on with} 
18... Bh7 $1 19. Ne5 f6 20. Ng4 Nf8 $1 (20... b6 21. f3 N4g5 22. Bxh7+ Nxh7 23.
Re2 $1 (23. Qg6 Kh8 24. Bd6 $36) 23... Nhf8 24. Rae1 $14) (20... Qa5 $2 {
Unnecessaily sidetracks the queen.} 21. Rac1 b6 22. f3 N4g5 23. h4 Bxd3 24.
Qxd3 Nf7 25. Qg6 Kf8 26. Nxf6 gxf6 27. Bd6+ Nxd6 28. cxd6 $16) 21. f3 (21. h4
f5 22. Ne5 Qxh4) 21... Ng5 22. Bxh7+ Ngxh7 {This is pleasant for White, but
perhaps nothing more.}) 19. Ne5 $1 $16 {Now White's advantage assumes serious
proportions.} f6 (19... Bc8 20. h4 Ne6 (20... Nh7 21. f3 Nef6 22. g4 $16) 21.
f3 Nf6 22. g4 $16) (19... Bh7 20. Rab1 Re7 21. h4 Ne6 22. f3 Nf6 23. Ng4 $1
Bxd3 24. Nxf6+ gxf6 25. Qxd3 $16) 20. Ng4 Qa5 (20... Bxg4 21. hxg4 Nf7 22. Bxe4
dxe4 23. Rxe4 $16) 21. Ne3 Be6 (21... Bh7 22. h4 Ne6 23. f3 Qxc3 24. Bxe4 Qxc2
25. Bxc2 Nxd4 26. Bxh7+ Kxh7 27. Rad1 $18) 22. Rac1 {There is no longer any
defence} Nxh3+ (22... Bxh3 23. f4 $18) (22... f5 23. f3 Nf6 24. Bxf5 $18 {
Obviously, this just puts off the end}) 23. gxh3 Bxh3 (23... Ng5 24. Kh1 $1 Nf3
25. Rg1 $1 Nxg1 26. Rxg1 $18) 24. Nc4 {The simplest} Qxc3 25. Qxc3 Nxc3 26. Nd6
Rxe1+ 27. Rxe1 b5 28. Re3 Bg4 29. Bf5 {and Kasimdzhanov resigned.
Coincidentally, Xu Yuhua also won the Women's World Cup, so that we both
retained our titles. Once in China and once in India!} (29. Bf5 Bxf5 30. Nxf5
Ne4 31. Ne7+ Kf7 32. Nxc6 {Wins}) 1-0

[Event "URS-sf"]
[Site "Daugavpils"]
[Date "1989.??.??"]
[Round "?"]
[White "Akopian, Vladimir Eduardovic"]
[Black "Rozentalis, Eduardas"]
[Result "1-0"]
[WhiteElo "2525"]
[BlackElo "2505"]
[Annotator "Anand,V"]
[PlyCount "71"]
[EventDate "1989.11.??"]
[EventType "tourn"]
[EventRounds "15"]
[EventCountry "URS"]
[EventCategory "9"]
[SourceTitle "CBM 016"]
[Source "ChessBase"]
[SourceDate "1990.06.01"]
[SourceVersion "1"]
[SourceVersionDate "1990.06.01"]
[SourceQuality "1"]

1. e4 {(Anand)} e5 2. Nf3 Nf6 3. Nxe5 d6 4. Nf3 Nxe4 5. d4 d5 6. Bd3 Bd6 7. O-O
O-O 8. c4 c6 9. Re1 (9. cxd5 cxd5 10. Nc3 Nxc3 11. bxc3 Bg4 12. Rb1 Nd7 (12...
b6 13. Rb5 Bc7 14. c4 dxc4 (14... Qd6 15. Re1 Bxf3 16. Qxf3 Qxh2+ 17. Kf1 Nc6
18. Rxd5 Rae8 19. Be3 $2 (19. Rxe8 Qh1+ 20. Ke2 Rxe8+ 21. Be3 $16) 19... g6 $2
20. a3 $16) 15. Be4 Nc6 $1 16. Rg5 (16. Bxc6 $2 Qd6 $17) 16... Bxf3 17. Qxf3
Qd6 18. Rg3 Nxd4 19. Qg4 g6 20. Bxa8 Rxa8 $44 {Short-Timman KRO (m/3)1989}) 13.
h3 Bh5 14. Rxb7 Nb6 15. Bd2 h6 16. Re1 Qc8 17. Ba6 Qc6 18. Ne5 Qxb7 19. Bxb7
Bxd1 20. Bxa8 Bxe5 21. dxe5 Ba4 22. Bb7 Bb5 $10 {Serper-Akopian Tbilisi 1989})
(9. Nc3 Nxc3 10. bxc3 dxc4 11. Bxc4 Bg4 12. Qd3 Nd7 (12... Bh5 {This idea was
tried in Chandler-Barua in the Olympiad 1988} 13. Bg5 Qc7 14. Rae1 Nd7 15. Be7
Bxe7 (15... Rfe8 $2 16. Ng5 Bg6 17. Bxf7+ $1 $18) 16. Rxe7 $14) 13. Ng5 Nf6 14.
h3 Bh5 15. f4 h6 16. g4 hxg5 17. fxg5 b5 18. Bb3 Nxg4 19. hxg4 Qd7 20. gxh5
Qg4+ 21. Kf2 Rae8 22. Rg1 Qh4+ 23. Kg2 Qh2+ $1 {This novelty was played in
Sokolov,A-Oll,L.The old move was 23...Re4} 24. Kf1 Bf4 $1 25. Qf3 Re1+ 26. Kxe1
Qxg1+ 27. Ke2 Bxc1 28. Rxc1 Qxc1 29. g6 Re8+ 30. Kd3 Qb1+ 31. Kd2 Qb2+ 32. Kd3
$10) 9... Bf5 10. Qb3 Na6 11. cxd5 (11. Nc3 dxc4 (11... Nec5 $6 12. dxc5 Nxc5
13. Bxf5 Nxb3 14. axb3 $16 {Khalifman-Rosentalis}) 12. Qxc4 $1 (12. Bxc4 Nxc3
13. bxc3 b5 14. Bf1 Nc7 15. Ba3 Be6 $10 {Serper-Akopian Adelaide 1988}) 12...
Be6 13. Qa4 Nac5 14. dxc5 Nxc5 15. Bxh7+ Kxh7 16. Qc2+ Kg8 17. Ng5 $16 {Serper}
) 11... cxd5 12. Nc3 Bb4 (12... Be6 $1 13. Qd1 $1 $14 (13. Qxb7 $6 Nb4 (13...
Nec5 $2 14. dxc5 Nxc5 15. Qb5 a6 16. Bxh7+ $1 $16) 14. Bxe4 Rb8 15. Qxa7 Ra8
16. Qb7 Rb8 $10) 13... f5 $6 14. Ng5 $1 Nxg5 15. Bxg5 $16) 13. Qxd5 $1 Qxd5 (
13... Bxc3 14. Qxf5 Bxe1 15. Qxe4 $18) 14. Nxd5 Rfe8 (14... Bxe1 15. Ne7+ Kh8
16. Nxf5 Bxf2+ (16... Nxf2 17. Bxa6 $18) 17. Kf1 $18) 15. Re3 Rad8 16. Bb5 $1
$18 Rxd5 17. Bxe8 g5 18. Ba4 h6 19. Bc2 Nd6 20. Bxf5 Nxf5 21. Re5 Nc7 22. Rxd5
Nxd5 23. g4 Nfe7 24. Bd2 Bd6 25. Ne5 f6 26. Nc4 Bc7 27. Rc1 Kf7 28. Ne3 Ke6 29.
Bb4 Nc6 30. Bc5 a6 31. Nf5 Nf4 32. Re1+ Kd7 33. Be7 h5 34. Bxf6 hxg4 35. Kf1
Nd5 36. Bxg5 {An excellent game by Akopian (Anand)} 1-0